=LDR 00000nam 2200000 4500 =001 INLIS000000000003954 =005 20130612092241 =008 ***********************************Ind** =035 ##$$0010-061300000003954 =041 ##$$a Ind =082 ##$$a 915.98 =090 ##$$a 915.98, Sla s =100 ##$$a Slamet Ds =245 ##$$a Serat suluk naga kridha sapana, Drs.Slamet Ds.;editor, Dr.Anhar Gonggong =260 ##$$a 1992 $b Jakarta =300 ##$$a vii, 211 hlm., 21 cm =650 ##$$a Kebudayaan Indonesia =700 ##$$a Gonggong, Anhar =850 ##$$a NBPNMAT